Diabetická nefropatie

Bibliographic Details
Main Author: Ponťuch, Peter, 1950- (Author)
Other Authors: Pokorná, Kristýna (Translator)
Format: Book
Language:Czech
Slovak
PhysicalDescription:139 s. graf., obr., tab. 21 cm
Published: Praha Grada Publishing 2003
ISBN:8024703122
Edition:1. vyd.
Series:Malá monografie
Subjects:

MARC

LEADER 00000nam a2200000 a 4500
001 vtls001486289
003 SK-MaSNL
005 20260301015256.0
008 251113s2003 xr a rn 100 cze
020 |a 8024703122  |c 274,00 Sk 
035 |a SNK000441582 
040 |a SNK  |b slo  |c SNK  |e AACR2 
041 |a cze  |h slo 
044 |a xr 
072 7 |a 616  |x Patológia. Klinická medicína  |2 konspekt 
080 |a 616.379-008.64  |2 1997 
080 |a 616.61:616.379-008.64  |2 1997 
100 1 |a Ponťuch, Peter,  |d 1950-  |4 aut  |9 26796 
245 1 0 |a Diabetická nefropatie  |c Peter Ponťuch ; [ze slovenštiny přeložila Kristýna Pokorná] 
250 |a 1. vyd. 
260 |a Praha  |b Grada Publishing  |c 2003 
300 |a 139 s.  |b graf., obr., tab.  |c 21 cm 
490 1 |a Malá monografie 
500 |a Zoz. použitých skr. 
500 |a Prel. zo slov. 
504 |a Bibliografia s. 112-136. Register 
650 0 7 |a obličky  |2 SNK  |9 14814 
650 0 7 |a nefropatia  |2 SNK  |9 17651 
650 0 7 |a diabetes mellitus  |2 SNK  |9 72741 
650 0 7 |a diabetická nefropatia  |2 snkbuxs  |9 65928 
655 7 |a odborné publikácie  |2 snkbuxs  |9 60423 
700 1 |a Pokorná, Kristýna  |4 trl  |9 304869 
830 0 |a Malá monografie  |9 304870 
919 |a 80-247-0312-2 
958 |a ZS 
958 |a NB 
958 |a OP 
958 |a MI 
958 |a OND 
999 |c 560439  |d 562369 
952 |t P60, <03>, [BOOK], {603}, -A-  |a SNK  |b SNK  |y PREZ  |7 0  |p 17A0458848  |o snkSC 119240  |i snk2005/3469  |8 2  |g 7.93  |0 0  |1 0  |4 0  |d 2004-11-30  |l 0  |r 2025-05-28 00:00:00  |w 2026-02-23